| 000 | 00509nam a2200205Ia 4500 | ||
|---|---|---|---|
| 003 | OSt | ||
| 005 | 20140311163135.0 | ||
| 008 | 140130s9999 xx 000 0 und d | ||
| 020 | _a0888991673 | ||
| 050 |
_aPZ 7 _b.W1562Ch 2001 |
||
| 100 |
_aWallace, Ian _931453 |
||
| 245 |
_aChin chiang and the dragons dance / _cIan Wallace. |
||
| 260 |
_bScholastic, _c2001. _aNew York : |
||
| 300 |
_a30 p. : _bill. ; _c20 cm. |
||
| 440 | _v1 | ||
| 521 | _aG3 | ||
| 526 | _c500 | ||
| 942 |
_cBK _2lcc |
||
| 999 |
_c41607 _d41607 |
||